000 00667nam a2200205Ia 4500
003 GCL
005 20240530105234.0
008 140319s9999 xx 000 0 ara d
040 _aGCL /
_cGCL
082 0 4 _a342.03
_bو د
100 1 _aوحيد رأفت
245 1 0 _aدراسات فى بعض القوانين المنظمة للحريات /
_cوحيد رأفت
260 _a[S.N] :
_bمنشاة المعارف الاسلامية ،
_c1981
300 _a218 ص
490 _aسلسلة الكتب القانونية
_v0
650 0 4 _aالقانون
650 0 4 _aالقانون الادارى
650 0 4 _aالقانون الدستورى
942 _2ddc
_cBK
999 _c54233
_d54233